| 000 | 00913nam a22003137a 4500 | ||
|---|---|---|---|
| 003 | CHAP | ||
| 005 | 20220329141743.0 | ||
| 008 | 971013s1971 r 00010 d | ||
| 010 | _a73355 | ||
| 011 | _a74327 | ||
| 035 | _a83886 | ||
| 040 | _cCHAP | ||
| 082 |
_a029 _bH3 |
||
| 100 | 0 | 0 |
_aHanson, C. W. _952591 |
| 245 | _aIntroduction to science-information work | ||
| 260 |
_aLondon, Aslib, _c1971 |
||
| 300 | _a199 p. | ||
| 590 |
_aBATCH-UPD _b10 _c20130110 _lUCH01 _h0234 |
||
| 590 |
_aBATCH-UPD _b10 _c20130110 _lUCH01 _h1821 |
||
| 590 |
_aBATCH-UPD _b10 _c20130410 _lUCH01 _h1155 |
||
| 590 |
_aBATCH-UPD _b10 _c20130914 _lUCH01 _h0622 |
||
| 590 |
_aCONVERSION _b10 _c20130109 _lUCH01 _h1340 |
||
| 650 | 1 | 4 |
_aBibliotecas. _912488 |
| 650 | 1 | 4 |
_aDocumentación. _933172 |
| 650 | 1 | 4 |
_aServicios de información. _9105330 |
| 901 | _aBK | ||
| 942 | _cLIBRO | ||
| 949 |
_a029 H3 _bBC _cB _d-38819 _eB _h60522 _i83886 _mD _si |
||
| 999 |
_c73355 _d73355 |
||